[Event "ch-USA w 2021"]
[Site "Saint Louis USA"]
[Date "2021.10.11"]
[Round "5.1"]
[White "Cervantes Landeiro, Thalia"]
[Black "Paikidze, Nazi"]
[Result "0-1"]
[WhiteTitle "FM"]
[BlackTitle "IM"]
[WhiteElo "2175"]
[BlackElo "2374"]
[WhiteFideId "3520498"]
[BlackFideId "13603620"]
[EventDate "2021.10.06"]

1. d4 f5 2. c4 Nf6 3. g3 g6 4. Bg2 Bg7 5. Nh3 O-O 6. O-O d6 7. d5 Na6 8. Nc3 Nc5
9. Be3 e5 10. dxe6 Nxe6 11. Ng5 c6 12. Nxe6 Bxe6 13. Qb3 Qe7 14. Rad1 Ng4 15.
Bf4 Ne5 16. Qb4 Rfd8 17. b3 g5 18. Bd2 Rd7 19. Qa3 Rf8 20. Qc1 h6 21. f4 gxf4
22. Bxf4 Kh7 23. e4 Ng6 24. Be3 Qd8 25. Bh3 Rdf7 26. Qc2 Qe7 27. Bf4 fxe4 28.
Bxe6 Qxe6 29. Nxe4 d5 30. Nc5 Qg4 31. Nd3 Bd4+ 32. Kh1 Re8 33. Rde1 Rfe7 34.
cxd5 Re2 35. Rxe2 Rxe2 36. Qd1 Qh5 37. g4 Qxd5+ 0-1

[Event "ch-USA w 2021"]
[Site "Saint Louis USA"]
[Date "2021.10.11"]
[Round "5.2"]
[White "Lee, Megan"]
[Black "Foisor, Sabina-Francesca"]
[Result "0-1"]
[WhiteTitle "WIM"]
[BlackTitle "WGM"]
[WhiteElo "2211"]
[BlackElo "2205"]
[WhiteFideId "2029618"]
[BlackFideId "1212915"]
[EventDate "2021.10.06"]

1. e4 e5 2. Nf3 Nc6 3. Bb5 a6 4. Ba4 Nf6 5. O-O Be7 6. Re1 b5 7. Bb3 O-O 8. c3
d6 9. h3 Bb7 10. d4 Re8 11. Nbd2 Bf8 12. Bc2 g6 13. Nf1 Bg7 14. d5 Na5 15. Ne3
c6 16. b4 cxd5 17. exd5 Nc4 18. Nxc4 bxc4 19. Ba4 Rf8 20. Bg5 Qc7 21. Bxf6 Bxf6
22. Nh2 Bg7 23. Qd2 f5 24. f3 a5 25. a3 Ra7 26. b5 Raa8 27. Kh1 Qb6 28. Nf1 Rac8
29. Rad1 Rc5 30. Qa2 Rfc8 31. Ne3 f4 32. Ng4 Rxd5 33. Rxd5 Bxd5 34. Qd2 Bf7 35.
Rd1 h5 36. Nf2 d5 37. Rb1 Bf8 38. Re1 Re8 39. Ra1 Bc5 40. Nd1 d4 41. Qe2 d3 42.
Qe4 Qd6 43. Qc6 e4 44. fxe4 Qxc6 45. bxc6 Rxe4 46. Nb2 d2 0-1

[Event "ch-USA w 2021"]
[Site "Saint Louis USA"]
[Date "2021.10.11"]
[Round "5.3"]
[White "Nemcova, Katerina"]
[Black "Sharevich, Anna"]
[Result "1/2-1/2"]
[WhiteTitle "WGM"]
[BlackTitle "WGM"]
[WhiteElo "2331"]
[BlackElo "2276"]
[WhiteFideId "322750"]
[BlackFideId "13503189"]
[EventDate "2021.10.06"]

1. e4 c5 2. Nf3 e6 3. g3 Nc6 4. Bg2 d6 5. O-O Nf6 6. Re1 e5 7. c3 Be7 8. h3 Bd7
9. d4 cxd4 10. cxd4 Rc8 11. Nc3 O-O 12. Be3 a6 13. Rc1 b5 14. a3 Re8 15. Nd5
exd4 16. Nxd4 Nxd4 17. Bxd4 Nxd5 18. exd5 Rxc1 19. Qxc1 Bf8 20. Rxe8 Qxe8 21. h4
h6 22. Bc3 Qe2 23. Qf4 Qd1+ 24. Kh2 Qe2 25. Qd4 Bg4 26. Qf4 Bd7 27. Bd4 Qe1 28.
Bc3 Qe2 29. Be4 Qg4 30. Qe3 f5 31. Bf3 Qc4 32. Kg2 Qc8 33. Bh5 Qc4 34. Bf3 Qc8
35. Bb4 Qe8 36. Qb6 g5 37. hxg5 hxg5 38. Bxd6 g4 39. Bd1 Qe4+ 40. Kh2 Qxd5 41.
Bxf8 Kxf8 42. Qd8+ Kg7 43. Qg5+ Kf7 44. Bxg4 Qd4 45. Bh5+ Ke6 46. Qg6+ Ke7 47.
Kg2 Qxb2 48. Qxa6 f4 49. gxf4 Qc3 50. Qg6 Qh3+ 51. Kg1 Qxa3 52. Qg5+ Kd6 53.
Qe5+ Kc6 54. Bg6 Qd6 55. Be4+ Kc7 56. Kf1 Bh3+ 57. Ke1 Bd7 58. f3 b4 59. Qa5+
Qb6 60. Qxb6+ Kxb6 61. Kd2 Kc5 62. f5 Be8 63. f6 Kd6 64. Kc2 Ke6 65. Kb3 Kxf6
66. Kxb4 Ke5 67. Kc3 Kf4 68. Kd2 Bb5 69. Ke1 Bc4 70. Kf2 Bb5 71. Ke1 Bc4 72. Kf2
Bb5 73. Ke1 Bc4 74. Kf2 1/2-1/2

[Event "ch-USA w 2021"]
[Site "Saint Louis USA"]
[Date "2021.10.11"]
[Round "5.4"]
[White "Tokhirjonova, Gulrukhbegim"]
[Black "Yip, Carissa"]
[Result "1-0"]
[WhiteTitle "WGM"]
[BlackTitle "IM"]
[WhiteElo "2322"]
[BlackElo "2402"]
[WhiteFideId "14203626"]
[BlackFideId "2090732"]
[EventDate "2021.10.06"]

1. d4 Nf6 2. c4 g6 3. Nc3 Bg7 4. g3 d5 5. cxd5 Nxd5 6. Bg2 Nb6 7. Nf3 Nc6 8. e3
O-O 9. O-O Re8 10. h3 e5 11. d5 Na5 12. Qc2 Bd7 13. Rd1 Qc8 14. Kh2 c6 15. dxc6
Bxc6 16. e4 Qe6 17. b4 Nac4 18. a4 a5 19. b5 Bd7 20. Nd5 Rec8 21. Ng5 Qe8 22.
Nxb6 Nxb6 23. Qd3 Rd8 24. Qe3 Nc8 25. Bb2 Bh6 26. h4 Bg7 27. Bf1 h6 28. Nf3 Qe6
29. Ba3 Qe8 30. Bc4 Bg4 31. Bd5 Rd7 32. Bb3 Rd8 33. Kg2 Ne7 34. Rxd8 Rxd8 35.
Nh2 Bc8 36. Rc1 Qd7 37. Nf3 Re8 38. Kg1 Rd8 39. Bc5 Rf8 40. Rd1 Qe8 41. Bb6 Bd7
42. Bxa5 Kh7 43. Bc3 Bg4 44. Rc1 f6 45. Bb4 f5 46. Rc7 f4 47. gxf4 exf4 48. Qd3
Ng8 49. Bxf8 Qxf8 50. Ne5 Nf6 51. Nxg4 Nxg4 52. Qd7 Ne5 53. Qe7 Nf3+ 54. Kh1 Qh8
55. Rxb7 1-0

[Event "ch-USA w 2021"]
[Site "Saint Louis USA"]
[Date "2021.10.11"]
[Round "5.5"]
[White "Abrahamyan, Tatev"]
[Black "Eswaran, Ashritha"]
[Result "1/2-1/2"]
[WhiteTitle "WGM"]
[BlackTitle "WIM"]
[WhiteElo "2344"]
[BlackElo "2244"]
[WhiteFideId "13301918"]
[BlackFideId "2080788"]
[EventDate "2021.10.06"]

1. d4 Nf6 2. c4 e6 3. Nc3 Bb4 4. Qc2 b6 5. e4 c5 6. d5 Qe7 7. Be2 d6 8. Nf3 O-O
9. O-O Bxc3 10. bxc3 e5 11. a4 a5 12. Rb1 Ra6 13. g3 Ne8 14. Nh4 Bh3 15. Re1 g6
16. Bh6 Ng7 17. Bf1 Bc8 18. Bd3 Bg4 19. f3 Bd7 20. Ng2 f6 21. f4 Qe8 22. Ra1 Ra7
23. Qb3 Rb7 24. Bc2 Qd8 25. Re2 Bc8 26. Rb1 Re8 27. Rf2 exf4 28. gxf4 Bg4 29.
Ne3 Bh5 30. Nf1 Bg4 31. Ng3 Nh5 32. Bd3 Nxg3 33. hxg3 Nd7 34. Kg2 Nf8 35. Qb2
Qd7 36. Qc2 Bh3+ 37. Kh2 Bg4 38. Rh1 f5 39. Kg2 Qc8 40. exf5 gxf5 41. Bg5 Re3
42. Rh6 Ng6 43. Be2 Bxe2 44. Rxe2 Qe8 45. Kf2 Rxe2+ 46. Qxe2 Qxe2+ 47. Kxe2 Rb8
48. Kd3 Kg7 49. Rh2 Re8 50. Bh6+ Kf7 51. Rh1 Rc8 52. Bg5 Kg7 53. Bh6+ Kf7 54.
Rb1 Rb8 55. Rb2 Rb7 56. Bg5 Rb8 57. Rh2 Kg7 58. Re2 Rb7 59. Re6 Rd7 60. Re8 h6
61. Rd8 Rf7 62. Bh4 Nxh4 63. gxh4 Kg6 64. Rxd6+ Rf6 65. h5+ Kf7 66. Rd7+ Ke8 67.
Rb7 Kd8 68. Ke3 Ke8 69. Rg7 Kf8 70. Rg6 Ke7 71. Kf3 Rd6 72. Rg7+ Kf8 73. Rc7 Ke8
74. Kg3 Rf6 75. Rb7 Kf8 76. Ra7 Ke8 77. Kh4 Kf8 78. Kh3 Ke8 79. Kg2 Kf8 80. Kf2
Ke8 81. Ra8+ Ke7 82. Rb8 Kf7 83. Rb7+ Ke8 84. Rb8+ Kf7 85. Rb7+ Ke8 86. Rb8+ Kf7 1/2-1/2

[Event "ch-USA w 2021"]
[Site "Saint Louis USA"]
[Date "2021.10.12"]
[Round "6.1"]
[White "Eswaran, Ashritha"]
[Black "Lee, Megan"]
[Result "1-0"]
[WhiteTitle "WIM"]
[BlackTitle "WIM"]
[WhiteElo "2244"]
[BlackElo "2211"]
[WhiteFideId "2080788"]
[BlackFideId "2029618"]
[EventDate "2021.10.06"]

1. Nf3 d5 2. g3 g6 3. Bg2 Bg7 4. O-O e5 5. d3 Ne7 6. Nbd2 O-O 7. e4 c6 8. Re1
Qd6 9. c3 f5 10. d4 fxe4 11. Nxe5 Bxe5 12. dxe5 Qxe5 13. f3 Qf6 14. Kh1 exf3 15.
Nxf3 Nf5 16. Bg5 Qg7 17. Qd2 h6 18. Bf4 g5 19. Be5 Qg6 20. c4 Be6 21. g4 Ne7 22.
Qb4 c5 23. Qxc5 Nbc6 24. Nd4 Bxg4 25. Bd6 b6 26. Nxc6 1-0

[Event "ch-USA w 2021"]
[Site "Saint Louis USA"]
[Date "2021.10.12"]
[Round "6.2"]
[White "Zatonskih, Anna"]
[Black "Tokhirjonova, Gulrukhbegim"]
[Result "1-0"]
[WhiteTitle "IM"]
[BlackTitle "WGM"]
[WhiteElo "2422"]
[BlackElo "2322"]
[WhiteFideId "14101572"]
[BlackFideId "14203626"]
[EventDate "2021.10.06"]

1. d4 Nf6 2. c4 g6 3. Nc3 d5 4. cxd5 Nxd5 5. e4 Nxc3 6. bxc3 Bg7 7. Be3 c5 8.
Nf3 Qa5 9. Nd2 cxd4 10. Nc4 Qd8 11. cxd4 O-O 12. Be2 e6 13. O-O Nc6 14. e5 Qe7
15. Qc1 Nb4 16. Nd6 Bd7 17. Nxb7 Rfc8 18. Nc5 Bc6 19. Qd2 Nd5 20. Rac1 Rab8 21.
Bg5 f6 22. Bh4 g5 23. exf6 Bxf6 24. Bg3 Rb4 25. Nb3 Bb7 26. Rxc8+ Bxc8 27. Rc1
Bb7 28. Bc4 Rb6 29. Nc5 h6 30. Re1 Qf7 31. h3 Bc8 32. Bb3 Bg7 33. Rc1 Rc6 34.
Ba4 Rb6 35. Bb3 Rc6 36. Ba4 Rb6 37. Be5 Bxe5 38. dxe5 Qf4 39. Qe1 Ba6 40. Bb3
Bc8 41. Rc4 Qf8 42. Qe4 Nf4 43. Rc2 a5 44. Qa8 Rb5 45. Ne4 Ne2+ 46. Rxe2 Rxe5
47. Nf6+ 1-0

[Event "ch-USA w 2021"]
[Site "Saint Louis USA"]
[Date "2021.10.12"]
[Round "6.4"]
[White "Nemcova, Katerina"]
[Black "Cervantes Landeiro, Thalia"]
[Result "1/2-1/2"]
[WhiteTitle "WGM"]
[BlackTitle "FM"]
[WhiteElo "2331"]
[BlackElo "2175"]
[WhiteFideId "322750"]
[BlackFideId "3520498"]
[EventDate "2021.10.06"]

1. e4 e5 2. Nf3 Nc6 3. Bc4 Bc5 4. c3 Nf6 5. d4 exd4 6. e5 d5 7. Bb5 Ne4 8. cxd4
Bb6 9. Nc3 O-O 10. Be3 Bg4 11. h3 Bh5 12. Qc2 Bg6 13. Qb3 Ba5 14. O-O Bxc3 15.
bxc3 Na5 16. Qb4 c6 17. Be2 b5 18. a4 Nc4 19. axb5 cxb5 20. Bxc4 bxc4 21. Ra3 a5
22. Qa4 Qe7 23. Rfa1 Rfb8 24. Qc6 Qe6 25. Qxe6 fxe6 26. Ng5 Nxg5 27. Bxg5 Rb5
28. Be7 Bc2 29. R3a2 Bb3 30. Rb2 Rab8 31. Rab1 Kf7 32. Bd6 R8b7 33. Kf1 Ke8 34.
Ke1 Kd7 35. Kd2 Kc6 36. Ke3 Bc2 37. Rxb5 Rxb5 38. Rxb5 Kxb5 39. Kd2 Bd3 40. h4
Ka4 41. Bc7 Kb5 42. Ke3 a4 43. Bd6 Kc6 44. h5 Kd7 45. Kf4 Ke8 46. Kg5 Kf7 47. h6
Bf1 48. g3 Be2 49. Ba3 Bd3 50. f4 g6 51. Kh4 Bf5 52. Kg5 Bd3 53. Kh4 Bf5 54. Kg5
Bd3 1/2-1/2

[Event "ch-USA w 2021"]
[Site "Saint Louis USA"]
[Date "2021.10.12"]
[Round "6.5"]
[White "Sharevich, Anna"]
[Black "Yip, Carissa"]
[Result "0-1"]
[WhiteTitle "WGM"]
[BlackTitle "IM"]
[WhiteElo "2276"]
[BlackElo "2402"]
[WhiteFideId "13503189"]
[BlackFideId "2090732"]
[EventDate "2021.10.06"]

1. d4 g6 2. Bf4 Bg7 3. Nf3 d6 4. Nc3 Nd7 5. e4 c5 6. Bc4 Qa5 7. Bd2 h6 8. Nd5
Qd8 9. Bc3 cxd4 10. Bxd4 Ngf6 11. O-O e5 12. Nxf6+ Nxf6 13. Bc3 O-O 14. Qd3 Qc7
15. Bb4 Rd8 16. a4 b6 17. Nd2 Bb7 18. Bd5 Nxd5 19. exd5 a5 20. Ba3 Ba6 21. c4 f5
22. f3 Bc8 23. Kh1 Bd7 24. Qc2 Be8 25. Rae1 Qd7 26. b3 g5 27. Bb2 Bg6 28. Bc3
Kh7 29. Qb2 Rg8 30. g3 Rae8 31. f4 gxf4 32. gxf4 e4 33. Re3 Bxc3 34. Qxc3 Bh5
35. Rg1 Qe7 36. Qc1 Qf6 37. Rxg8 Rxg8 38. Qe1 Qd4 39. Rh3 Bf7 40. Rg3 Rxg3 41.
hxg3 Bh5 42. Nf1 Bf3+ 43. Kh2 Kg6 44. Ne3 Qb2+ 45. Kg1 h5 46. Qf2 Qxb3 47. Nf1
Qxc4 48. Qxb6 Qxd5 49. Qe3 Bd1 0-1

[Event "ch-USA w 2021"]
[Site "Saint Louis USA"]
[Date "2021.10.12"]
[Round "6.6"]
[White "Paikidze, Nazi"]
[Black "Abrahamyan, Tatev"]
[Result "1/2-1/2"]
[WhiteTitle "IM"]
[BlackTitle "WGM"]
[WhiteElo "2374"]
[BlackElo "2344"]
[WhiteFideId "13603620"]
[BlackFideId "13301918"]
[EventDate "2021.10.06"]

1. Nf3 Nf6 2. g3 e6 3. Bg2 d5 4. O-O b5 5. d3 c5 6. Nbd2 Nc6 7. e4 Be7 8. Re1
Bb7 9. exd5 exd5 10. Ne5 Nxe5 11. Rxe5 O-O 12. Nf1 Qc7 13. Re1 d4 14. Bf4 Qd7
15. Bxb7 Qxb7 16. Be5 Rfe8 17. Bxf6 Bxf6 18. Nd2 Be7 19. Qf3 Qxf3 20. Nxf3 Bd6
21. a4 b4 22. Nd2 f5 23. Kg2 Kf7 24. Kf3 Rxe1 25. Rxe1 Re8 26. Rxe8 Kxe8 27. Ke2
Kf7 28. Nc4 Bc7 29. Nd2 Ke6 30. f4 Bd6 31. Kf3 Bc7 32. g4 g6 33. g5 Bd6 34. b3
Bc7 35. Nf1 Bd6 36. Nd2 Bc7 37. Nf1 Bd6 38. Nd2 1/2-1/2

[Event "ch-USA w 2021"]
[Site "Saint Louis USA"]
[Date "2021.10.13"]
[Round "7.1"]
[White "Cervantes Landeiro, Thalia"]
[Black "Sharevich, Anna"]
[Result "0-1"]
[WhiteTitle "FM"]
[BlackTitle "WGM"]
[WhiteElo "2175"]
[BlackElo "2276"]
[WhiteFideId "3520498"]
[BlackFideId "13503189"]
[EventDate "2021.10.06"]

1. d4 d5 2. c4 e6 3. Nc3 Nf6 4. Nf3 Nbd7 5. cxd5 exd5 6. Bf4 c6 7. h3 Be7 8. e3
O-O 9. Bd3 Re8 10. O-O Nf8 11. Qc2 Ng6 12. Bh2 Bd6 13. Rab1 Bxh2+ 14. Kxh2 Qd6+
15. Kg1 Bd7 16. b4 Rac8 17. a4 Qe7 18. Rfe1 Ne4 19. Bxe4 dxe4 20. Nd2 f5 21. Ne2
Be6 22. Qc5 Qd7 23. a5 a6 24. Nc3 Qf7 25. Na4 Rcd8 26. Qc3 Bd5 27. Nc5 Rd6 28.
Rbc1 Nh4 29. Nf1 Rg6 30. Ng3 h5 31. Qd2 f4 32. exf4 Nxg2 33. f5 Nxe1 34. fxg6
Nf3+ 35. Kh1 Qxg6 36. Qe3 h4 37. Ne2 Rf8 38. Ng1 Qd6 39. Nxf3 Rxf3 40. Nxe4 Rxe3 0-1

[Event "ch-USA w 2021"]
[Site "Saint Louis USA"]
[Date "2021.10.13"]
[Round "7.2"]
[White "Lee, Megan"]
[Black "Paikidze, Nazi"]
[Result "1-0"]
[WhiteTitle "WIM"]
[BlackTitle "IM"]
[WhiteElo "2211"]
[BlackElo "2374"]
[WhiteFideId "2029618"]
[BlackFideId "13603620"]
[EventDate "2021.10.06"]

1. e4 g6 2. d4 Bg7 3. Nf3 d6 4. Be3 Nd7 5. Nc3 a6 6. a4 b6 7. Bc4 e6 8. Qd2 Bb7
9. Bg5 Ndf6 10. Qe2 h6 11. Bh4 g5 12. Bg3 Nh5 13. O-O-O Ne7 14. Ne1 Nxg3 15.
hxg3 Qd7 16. d5 exd5 17. Nxd5 Bxd5 18. Bxd5 Nxd5 19. exd5+ Kf8 20. Qe4 Re8 21.
Qc4 b5 22. axb5 axb5 23. Qb3 Ra8 24. Nd3 Bf6 25. f3 Kg7 26. g4 c5 27. dxc6 Qxc6
28. c3 Qb6 29. Kc2 Rac8 30. Nb4 Be5 31. Nd5 Qa7 32. Rd2 Rb8 33. Re1 Rhc8 34. Re4
Kh7 35. Nb4 Rc5 36. Nd3 Rc4 37. Rxc4 bxc4 38. Qxc4 Bf6 39. Nb4 Qa4+ 40. Qb3 Qe8
41. Rxd6 Be5 42. Rd1 Bf4 43. Kb1 Kg8 44. Qc2 Ra8 45. Nd5 Be5 46. Qe4 Rb8 47. Rd2
Kg7 48. Re2 f6 49. Nxf6 Qd8 50. Nh5+ Kg8 51. Qg6+ Kh8 52. Qxh6+ Kg8 53. Qe6+ Kh7
54. Kc2 Qa5 55. Qf5+ Kh6 56. Rxe5 Qa4+ 57. Kc1 Qa1+ 58. Qb1 Qa6 59. Ng3 Rd8 60.
Nf5+ Kh7 61. Nd6+ Kh8 62. Nf7+ Kg7 63. Nxd8 Qf1+ 64. Kc2 Qf2+ 65. Kd3 1-0

[Event "ch-USA w 2021"]
[Site "Saint Louis USA"]
[Date "2021.10.13"]
[Round "7.5"]
[White "Abrahamyan, Tatev"]
[Black "Nemcova, Katerina"]
[Result "1/2-1/2"]
[WhiteTitle "WGM"]
[BlackTitle "WGM"]
[WhiteElo "2344"]
[BlackElo "2331"]
[WhiteFideId "13301918"]
[BlackFideId "322750"]
[EventDate "2021.10.06"]

1. e4 c5 2. Nf3 Nc6 3. d4 cxd4 4. Nxd4 e5 5. Nb5 d6 6. c4 Be7 7. N1c3 a6 8. Na3
f5 9. exf5 Bxf5 10. Bd3 Be6 11. O-O Nf6 12. Nc2 O-O 13. b3 Qe8 14. Bb2 Qf7 15.
Ne4 Nh5 16. Ng3 Nf4 17. Be4 d5 18. cxd5 Bxd5 19. Bxd5 Nxd5 20. Ne3 Rad8 21. Nxd5
Rxd5 22. Qe2 Nd4 23. Qe4 Bg5 24. Rad1 Rfd8 25. Bxd4 exd4 26. Qd3 Bf4 27. Ne4 Bd6
28. Rc1 Bf4 29. Rc2 Qf5 30. Re1 Be5 31. g3 g5 32. f3 Kh8 33. Rce2 Bg7 34. Kg2 h6
35. Nf2 Qxd3 36. Nxd3 Bf6 37. Rc2 Kg7 38. f4 Kf7 39. Kf3 a5 40. Ree2 b6 41. Re4
gxf4 42. Rxf4 Kg7 43. h4 R8d7 44. Ke2 R5d6 45. Kd2 Re7 46. Rf3 Kh7 47. Rc1 Bg7
48. Rc8 Rde6 49. Nf4 Re3 50. Rxe3 Rxe3 51. Nh5 Be5 52. g4 Re4 53. Kd3 Rxg4 54.
Re8 Bh8 55. Re4 Rg2 56. Re7+ Kg8 57. Re8+ Kh7 58. Re7+ Kg8 59. Re8+ Kh7 60. Re7+
Kg8 61. Re8+ Kh7 62. Re7+ Kg8 1/2-1/2

[Event "ch-USA w 2021"]
[Site "Saint Louis USA"]
[Date "2021.10.13"]
[Round "7.6"]
[White "Tokhirjonova, Gulrukhbegim"]
[Black "Foisor, Sabina-Francesca"]
[Result "1/2-1/2"]
[WhiteTitle "WGM"]
[BlackTitle "WGM"]
[WhiteElo "2322"]
[BlackElo "2205"]
[WhiteFideId "14203626"]
[BlackFideId "1212915"]
[EventDate "2021.10.06"]

1. Nf3 d5 2. e3 Nf6 3. c4 e6 4. b3 Be7 5. Nc3 O-O 6. Bb2 c5 7. cxd5 exd5 8. d4
b6 9. Be2 Bb7 10. O-O Nbd7 11. Bd3 Rc8 12. Rc1 a6 13. Bf5 g6 14. Bb1 b5 15. dxc5
Nxc5 16. Nd4 Qd7 17. h3 b4 18. Nce2 a5 19. Nf3 Ba6 20. Re1 Nfe4 21. Nf4 Rfd8 22.
Ne5 Qd6 23. Ng4 f6 24. Qd4 Bb7 25. f3 Nc3 26. Bxc3 bxc3 27. Rxc3 Ne6 28. Nxe6
Qxe6 29. Rec1 h5 30. Nf2 f5 31. Rc7 Rxc7 32. Rxc7 Rd7 33. Rxd7 Qxd7 34. Qb6 Kh7
35. Nd3 Qc6 36. Qxc6 Bxc6 37. Ne5 Be8 38. f4 Kg7 39. Kf2 Kf6 40. Nf3 Ke6 41. Ke2
Kd6 42. Kd2 Bf6 43. Nd4 Kc5 44. Kc3 Bd7 45. a3 Bh4 46. Nf3 Bf6+ 47. Ne5 Be8 48.
b4+ axb4+ 49. axb4+ Kd6 50. Kd4 Bd8 51. g3 Bb6+ 52. Kd3 Ke6 53. Ba2 Kd6 54. Nf3
Bb5+ 55. Kd2 Bd8 56. Bb1 Bf6 57. Bd3 Be8 58. Nd4 Bf7 59. h4 Bxd4 60. exd4 Be8
61. Kc3 Kc6 62. Kb3 Kb6 63. Ka3 Bd7 64. Bc2 Be8 65. Ba4 Bf7 66. Bd7 Kc7 67. Bb5
Kb7 68. Kb3 Kc7 69. Ba6 Kb6 70. b5 Be6 71. Kb4 Bd7 72. Ka4 Be6 73. Kb4 Bd7 74.
Ka4 Be6 75. Kb4 1/2-1/2

[Event "ch-USA w 2021"]
[Site "Saint Louis USA"]
[Date "2021.10.14"]
[Round "8.1"]
[White "Eswaran, Ashritha"]
[Black "Tokhirjonova, Gulrukhbegim"]
[Result "0-1"]
[WhiteTitle "WIM"]
[BlackTitle "WGM"]
[WhiteElo "2244"]
[BlackElo "2322"]
[WhiteFideId "2080788"]
[BlackFideId "14203626"]
[EventDate "2021.10.06"]

1. Nf3 Nf6 2. d4 g6 3. e3 Bg7 4. c4 c6 5. Be2 d5 6. O-O O-O 7. Nc3 Ne4 8. Qc2
Nxc3 9. bxc3 e6 10. Ba3 Re8 11. Rab1 Nd7 12. cxd5 exd5 13. c4 dxc4 14. Bxc4 Nb6
15. Bd3 Be6 16. Bc5 Qc7 17. Ng5 Bc8 18. Ne4 Nd5 19. Rfc1 Rd8 20. a4 Bf5 21. Ba3
Rab8 22. Rb2 a5 23. h3 h5 24. Nc5 Bxd3 25. Qxd3 Bf8 26. Qb1 Qc8 27. Qa2 b5 28.
axb5 cxb5 29. Nd3 Nc3 30. Qa1 b4 31. Rbc2 Qf5 32. Ne5 bxa3 33. Rxc3 Rb2 34. Rf1
Rdb8 35. Nd3 Rd2 36. Ne5 Rbb2 37. Nf3 Rdc2 38. Rxa3 Bxa3 39. Qxa3 Qb5 40. Qe7 a4
41. d5 Qxd5 42. Qe8+ Kg7 43. Qxa4 Ra2 44. Qf4 Qc4 45. Qe5+ f6 46. Qe7+ Qf7 47.
Qd6 Qc7 48. Qd5 Ra5 49. Qd1 Rca2 50. Nd4 Qc4 51. Qf3 Qd5 52. Qd1 Kh6 53. Qb1 Qa8
54. Qb6 Rg5 55. Qc6 Qxc6 56. Nxc6 Rb5 57. Nd4 Rbb2 58. h4 Kg7 59. g3 Kf7 60. Kg2
Ke7 61. Nf3 Ke6 62. Ng1 Kf5 63. Nf3 Ke4 64. Nd4 Rd2 65. Nf3 Re2 66. Ng1 Rxe3 67.
Rb1 Ke5 68. Rb5+ Kd6 69. Rb6+ Ke7 70. Rb7+ Kf8 71. Rc7 Re7 72. Rc6 Kf7 73. Nh3
Re5 74. Nf4 Ra7 75. Rb6 Rf5 76. Rc6 Rb7 77. Ra6 Rd7 78. Ra2 Kg7 79. Rb2 Ra7 80.
Rc2 Kh6 81. Rc6 Ra2 82. Rb6 Ra4 83. Nh3 Re4 84. Ra6 Kg7 85. Ra7+ Kg8 86. Ra8+
Kf7 87. Ra7+ Re7 88. Ra6 Kg8 89. Nf4 Kh7 90. Rb6 Ra7 91. Rc6 Kg7 92. Rb6 Kf7 93.
Rb2 Rfa5 94. Rb6 Rd7 95. Rb2 Ra4 96. Rb5 Ra2 97. Rc5 Rdd2 98. Nh3 Rdc2 99. Rb5
Re2 100. Rb7+ Re7 101. Rb5 Re5 102. Rb7+ Ke6 103. Nf4+ Kf5 104. Rf7 Rc5 105. Rf8
Rcc2 106. Nh3 Ke6 107. Rb8 Rcb2 108. Rc8 Rc2 109. Rb8 Rc7 110. Rb5 Rac2 111. Rb8
Kf5 112. Rg8 Rc8 113. Rg7 R2c7 114. Rxc7 Rxc7 115. Nf4 Rc2 116. Nd5 Ke6 117.
Nf4+ Kf7 118. Kf3 Kg7 119. Kg2 Kh6 120. Nd5 Rc6 121. Ne3 g5 122. hxg5+ fxg5 123.
Kf3 Rf6+ 124. Ke2 Kg6 125. Ng2 Kf5 126. Ne3+ Ke4 127. Ng2 Ra6 128. Kf1 Ra1+ 129.
Ke2 Rb1 130. f3+ Kd4 131. Kf2 Rb2+ 132. Kf1 Kd3 133. f4 g4 134. Nh4 Ke3 135. Kg1
Ra2 136. f5 Ke4 137. Kf1 Ke5 138. Kg1 Rb2 139. Kf1 Rh2 140. Kg1 Rxh4 141. gxh4
Kxf5 142. Kf2 Kf4 143. Kg2 Ke4 144. Kf2 Kd3 145. Kg2 Ke2 146. Kg3 Kf1 147. Kf4
Kf2 148. Kg5 g3 0-1

[Event "ch-USA w 2021"]
[Site "Saint Louis USA"]
[Date "2021.10.14"]
[Round "8.2"]
[White "Cervantes Landeiro, Thalia"]
[Black "Abrahamyan, Tatev"]
[Result "1/2-1/2"]
[WhiteTitle "FM"]
[BlackTitle "WGM"]
[WhiteElo "2175"]
[BlackElo "2344"]
[WhiteFideId "3520498"]
[BlackFideId "13301918"]
[EventDate "2021.10.06"]

1. d4 Nf6 2. c4 e6 3. Nf3 b6 4. g3 Bb7 5. Bg2 Be7 6. O-O O-O 7. Re1 Na6 8. Nc3
Ne4 9. Nxe4 Bxe4 10. a3 c5 11. d5 exd5 12. cxd5 d6 13. Qa4 Bxf3 14. Bxf3 Nb8 15.
Bf4 Bf6 16. Qc2 Qe7 17. Bg2 Nd7 18. e4 Rab8 19. Bd2 b5 20. f4 Rfe8 21. Rad1 Qd8
22. Bc3 Bxc3 23. Qxc3 b4 24. axb4 Rxb4 25. e5 Qb6 26. exd6 Rd8 27. Re7 Qxd6 28.
Rde1 Nf6 29. Qe5 h6 30. Qxd6 Rxd6 31. Rxa7 Rxb2 32. Rc7 Rd2 33. Rxc5 Nxd5 34.
Bxd5 R6xd5 35. Rxd5 Rxd5 36. Re2 g6 37. Kg2 Kg7 38. Ra2 h5 39. Kf3 Rb5 40. Rc2
Rd5 41. Ra2 Rb5 42. Rc2 Rd5 43. Ra2 1/2-1/2

[Event "ch-USA w 2021"]
[Site "Saint Louis USA"]
[Date "2021.10.14"]
[Round "8.3"]
[White "Nemcova, Katerina"]
[Black "Lee, Megan"]
[Result "1-0"]
[WhiteTitle "WGM"]
[BlackTitle "WIM"]
[WhiteElo "2331"]
[BlackElo "2211"]
[WhiteFideId "322750"]
[BlackFideId "2029618"]
[EventDate "2021.10.06"]

1. e4 e5 2. Nf3 Nc6 3. Bc4 Nf6 4. d4 exd4 5. e5 d5 6. Bb5 Ne4 7. Nxd4 Bd7 8.
Bxc6 bxc6 9. Nb3 Be7 10. O-O O-O 11. Be3 f6 12. f3 Ng5 13. f4 Ne4 14. Nc3 Nxc3
15. bxc3 fxe5 16. fxe5 Rxf1+ 17. Qxf1 Qe8 18. Bc5 Bg5 19. Re1 Be6 20. Qf3 Qg6
21. Nd4 Bg4 22. Qf2 Re8 23. e6 h6 24. e7 Kh7 25. Kh1 Bf6 26. Qg3 Bxd4 27. cxd4
Bf5 28. Qxg6+ Bxg6 29. c3 Be4 30. Kg1 g5 31. Rf1 Kg7 32. Rf8 Bg6 33. Kf2 a6 34.
g4 Bf7 35. Kg3 Kf6 36. h4 Ke6 37. h5 Kf6 38. Kf3 Ke6 39. Ke3 Kf6 40. Kd2 Ke6 41.
Kc2 Rxe7 42. Bxe7 Kxe7 43. Rh8 Be6 44. Rxh6 Bxg4 45. Kd2 a5 46. a4 Kf7 47. Rxc6
Bxh5 48. Rxc7+ Ke6 49. Rc5 Be8 50. Rxa5 Kd6 51. Ke3 Bh5 52. Rc5 1-0

[Event "ch-USA w 2021"]
[Site "Saint Louis USA"]
[Date "2021.10.14"]
[Round "8.4"]
[White "Foisor, Sabina-Francesca"]
[Black "Yip, Carissa"]
[Result "0-1"]
[WhiteTitle "WGM"]
[BlackTitle "IM"]
[WhiteElo "2205"]
[BlackElo "2402"]
[WhiteFideId "1212915"]
[BlackFideId "2090732"]
[EventDate "2021.10.06"]

1. d4 Nf6 2. Nf3 g6 3. c4 Bg7 4. g3 c5 5. Bg2 Qa5+ 6. Nbd2 cxd4 7. Nxd4 Nc6 8.
Nb3 Qc7 9. O-O O-O 10. Nf3 d6 11. Bf4 Nh5 12. Qd2 Nxf4 13. gxf4 Bd7 14. Rac1
Rad8 15. Nbd4 Qc8 16. Kh1 a6 17. Nxc6 Bxc6 18. Ne1 Bh6 19. e3 Bxg2+ 20. Nxg2 Qh3
21. Rc3 Bg7 22. Rd3 Rc8 23. b3 Rc5 24. Rd5 Rfc8 25. e4 Qe6 26. Re1 Bh6 27. Qd3
b5 28. f5 Qf6 29. fxg6 hxg6 30. Qh3 Bg7 31. cxb5 axb5 32. Rxc5 Rxc5 33. Qe3 Qb2
34. a4 b4 35. Re2 Rc1+ 36. Ne1 Qb1 37. Kg2 Rc3 38. Qb6 Qxb3 39. a5 Qc4 40. Kf1
Rc1 41. Qe3 b3 42. a6 b2 43. a7 Rxe1+ 44. Kg2 Ra1 45. Re1 Qa6 0-1